<?xml version="1.0" encoding="UTF-8"?>
<record
    xmlns:xsi="http://www.w3.org/2001/XMLSchema-instance"
    xsi:schemaLocation="http://www.loc.gov/MARC21/slim http://www.loc.gov/standards/marcxml/schema/MARC21slim.xsd"
    xmlns="http://www.loc.gov/MARC21/slim">

  <leader>02204    a2200229   4500</leader>
  <controlfield tag="001">39710</controlfield>
  <controlfield tag="005">20260407155654.0</controlfield>
  <controlfield tag="008">260407a1953    arg                 spa d</controlfield>
  <controlfield tag="003">AR-UNSa-BCEJYS</controlfield>
  <datafield tag="040" ind1=" " ind2=" ">
    <subfield code="a">AR-UNSa-BCEJYS</subfield>
    <subfield code="b">spa</subfield>
    <subfield code="c">AR-UNSa-BCEJYS</subfield>
  </datafield>
  <datafield tag="080" ind1=" " ind2=" ">
    <subfield code="a">330</subfield>
    <subfield code="x">Econom&#xED;a en general</subfield>
  </datafield>
  <datafield tag="245" ind1="1" ind2="0">
    <subfield code="a">Principios de econom&#xED;a</subfield>
  </datafield>
  <datafield tag="264" ind1=" " ind2="1">
    <subfield code="a">Madrid :</subfield>
    <subfield code="b">Aguilar</subfield>
    <subfield code="c">1953</subfield>
  </datafield>
  <datafield tag="300" ind1=" " ind2=" ">
    <subfield code="a">686 p.</subfield>
    <subfield code="c">22 cm.</subfield>
  </datafield>
  <datafield tag="505" ind1=" " ind2=" ">
    <subfield code="a">Parte I: Introducci&#xF3;n :1. La econom&#xED;a como materia especial del estudio - 2. Intervenci&#xF3;n social - 3. La empresa - 4.El producto nacional y el gasto total - 5. La producci&#xF3;n y los costes unitarios - Parte II: El valor : 6. Los mercados y sus funciones - 7. El proceso de fijaci&#xF3;n del precio: Demanda y oferta - 8. El proceso de formaci&#xF3;n de los precios: precio de ventas - 9. An&#xE1;lisis de la demanda - 10. Coste de producci&#xF3;n y precio normal - 11. Independencia de los precios - 12. La din&#xE1;mica del precio: Coste variable - 13. Especulaci&#xF3;n y precios - 14. Monopolio frente a competencia - 15. Competenncia monopol&#xED;stica e imperfecta - 16. Reglamentaci&#xF3;n por el poder p&#xFA;blico de las combinaciones de empresas - 17. La regulaci&#xF3;n de precios por los gobiernos - Parte III: Dinero y precios : 18. Dinero y cr&#xE9;dito - 19. El flujo del oro y la expansi&#xF3;n monetaria en tiempos de guerra - 20. Fluctuaciones de precios - 21. La teor&#xED;a del dinero y precios - 22. Ciclos econ&#xF3;micos - Parte IV: La distribuci&#xF3;n de la riqueza y la renta : 23. Salarios - 24. La renta de la tierra - 25. Inter&#xE9;s - 26. Los beneficios - 27. Sindicaci&#xF3;n y legislaci&#xF3;n de trabajo - 28. Algunos aspectos din&#xE1;micos de la distribuci&#xF3;n - 29. Desigualdades en el dominio de la propiedad y enla renta - 30. Socialismo- 31. Algunos aspectos econ&#xF3;micos de la tributaci&#xF3;n - Parte V: Relaciones econ&#xF3;micas internacionales : 32. Cambio extranjero - 33. La balanza comercial - 34. La ley de los costes comparados - 35. Principios arancelarios y de libre cambio - 36. El programa de acuerdos comerciales.</subfield>
  </datafield>
  <datafield tag="942" ind1=" " ind2=" ">
    <subfield code="c">BK</subfield>
  </datafield>
  <datafield tag="590" ind1=" " ind2=" ">
    <subfield code="a">niveau_biblio:m niveau_hierar:0</subfield>
  </datafield>
  <datafield tag="100" ind1="1" ind2=" ">
    <subfield code="a">Garver, Frederick B.</subfield>
  </datafield>
  <datafield tag="700" ind1="1" ind2=" ">
    <subfield code="a">Hansen, Alvin H.</subfield>
  </datafield>
  <datafield tag="700" ind1="1" ind2=" ">
    <subfield code="a">Alvarez, Valent&#xED;n Andr&#xE9;s</subfield>
  </datafield>
  <datafield tag="700" ind1="1" ind2=" ">
    <subfield code="a">Paredes Marcos, Miguel</subfield>
  </datafield>
  <datafield tag="999" ind1=" " ind2=" ">
    <subfield code="c">3091</subfield>
    <subfield code="d">3091</subfield>
  </datafield>
  <datafield tag="952" ind1=" " ind2=" ">
    <subfield code="0">0</subfield>
    <subfield code="1">0</subfield>
    <subfield code="4">0</subfield>
    <subfield code="7">0</subfield>
    <subfield code="a">BCEJYS</subfield>
    <subfield code="b">BCEJYS</subfield>
    <subfield code="c">16</subfield>
    <subfield code="d">2026-04-07</subfield>
    <subfield code="l">0</subfield>
    <subfield code="o">330 G212</subfield>
    <subfield code="p">L20265</subfield>
    <subfield code="r">2026-04-07 15:56:54</subfield>
    <subfield code="w">2026-04-07</subfield>
    <subfield code="y">L</subfield>
  </datafield>
  <datafield tag="952" ind1=" " ind2=" ">
    <subfield code="0">0</subfield>
    <subfield code="1">0</subfield>
    <subfield code="4">0</subfield>
    <subfield code="7">0</subfield>
    <subfield code="a">BCEJYS</subfield>
    <subfield code="b">BCEJYS</subfield>
    <subfield code="c">16</subfield>
    <subfield code="d">2026-04-07</subfield>
    <subfield code="l">0</subfield>
    <subfield code="o">330 G212</subfield>
    <subfield code="p">L24608</subfield>
    <subfield code="r">2026-04-07 15:56:54</subfield>
    <subfield code="w">2026-04-07</subfield>
    <subfield code="y">L</subfield>
  </datafield>
</record>
